Das Jahr 1913 - Statistiken

Allgemein
  • Dieses Quiz wurde 91 mal gespielt
  • Das Durchschnittsergebnis liegt bei 17 aus 25
Antwortstatistiken
Datum Ereginis % Korrekt
20. Februar In Australien wird mit dem Bau der neuen geplanten Hauptstadt {Canberra} begonnen.
97%
2. Februar In New York wird das Grand Central Terminal eröffnet, mit 67 Gleisen bis heute der größte {Bahnhof} der Welt.
97%
3. Mai Die Frau des Bäckers Karl Albrecht eröffnet in Essen einen Tante-Emma-Laden, aus dem die heutige Supermarktkette {Aldi} hervorgeht.
92%
23. Januar Im {Osmanischen} Reich übernehmen die sogenannten Jungtürken unter der Führung von Enver Pasha durch einen Putsch die Macht.
92%
9. Januar In Kalifornien wird {Richard} {Nixon} geboren, der 1969 Präsident der Vereinigten Staaten wurde und 1974 aufgrund der Watergate-Affäre zurücktrat.
92%
7. Oktober Im Hauptwerk des Automobilherstellers {Ford} in Michigan wird erstmals ein Fließband bei der Produktion eingesetzt.
90%
29. September Der deutsche Ingenieur Rudolf {Diesel}, Erfinder eines Verbrennungsmotors und Namensgeber eines Kraftstoffs, verschwindet für immer spurlos von einem Schiff, das den Ärmelkanal überquert.
89%
28. August In Den Haag wird der Friedenspalast feierlich eröffnet, in dem heute der Internationale {Gerichtshof} seinen Sitz hat.
88%
21. Dezember In der Zeitung New York World erscheint das von Arthur Wynne erfundene weltweit erste {Kreuzwort}rätsel.
85%
18. Dezember In Lübeck wird Herbert Frahm geboren, der 1969 unter dem Namen {Willy} {Brandt} Bundeskanzler wurde.
84%
23. August In Kopenhagen wird die berühmte Statue der Kleinen {Meerjungfrau} enthüllt.
82%
30. Mai Nach dem Ende des Ersten Balkankriegs wird {Albanien} unabhängig, das Kosovo wird jedoch serbisch.
81%
29. Juni {Bulgarien} greift seine Nachbarländer Serbien und Griechenland an und löst den Zweiten Balkankrieg aus.
78%
18. Oktober Zum 100. Jubiläum eines Sieges gegen Napoleon wird bei Leipzig in Anwesenheit von Kaiser Wilhelm II. das monumentale {Völkerschlacht}denkmal eingeweiht.
68%
18. September Das expressionistische Gemälde "Der Turm der blauen Pferde" des Malers Franz {Marc} wird in Berlin erstmals ausgestellt.
66%
2. August Schweizer Bergsteiger erreichen als erste Menschen den Gipfel des {Olymp}, des höchsten Bergs Griechenlands.
63%
18. März König Georg I. von {Griechenland} wird von einem Anarchisten ermordet; Nachfolger wird sein Sohn Konstantin I.
56%
5. November Ludwig III. wird König von {Bayern}, regiert aber zunächst noch gemeinsam mit seinem geisteskranken Vorgänger Otto.
53%
4. März Der Demokrat {Woodrow} {Wilson} wird als Nachfolger von William H. Taft in das Amt des US-Präsidenten eingeführt.
52%
11. Juni Als erster souveräner Staat Europas führt {Norwegen} das Frauenwahlrecht ein.
51%
11. Mai Der VfB {Leipzig} gewinnt das Endspiel um die Deutsche Fußballmeisterschaft gegen den Duisburger SpV und wird mit seinem dritten Titel zum alleinigen Rekordmeister.
51%
29. Mai Die Uraufführung des avantgardistischen Balletts "Le sacre du printemps" des Komponisten Igor {Strawinski} in Paris sorgt für einen riesigen Skandal.
48%
3. Oktober Das Gastspiel des italienischen Tenors Enrico {Caruso} in Berlin sorgt für Aufsehen und astronomische Schwarzmarktpreise für Konzertkarten.
47%
6. März Der Revolutionsführer Pancho {Villa} kehrt aus dem Exil nach Mexiko zurück und erzielt mit einem Guerillakrieg schnell Erfolge.
27%
23. September Der französische Luftfahrtpionier Roland {Garros} überquert als erster Mensch in einem Flugzeug das Mittelmeer.
14%
Keine übereinstimmenden Quizze gefunden
Verteilung der Resultate
Anzahl Personen mit jedem Resultat
Perzentil nach korrekt beantworteten Fragen
Ihre Resultats-Entwicklung
Sie haben dieses Quiz noch nicht gespielt